[Event "Ptuj op 10"]
[Site "Ptuj"]
[Date "2015.10.31"]
[Round "9"]
[White "Kontler, Sasa"]
[Black "Sorcnik, Franc"]
[Result "1/2-1/2"]
[WhiteElo "1811"]
[BlackElo "2061"]
[PlyCount "41"]
[EventDate "2015.10.24"]
[EventType "swiss"]
[EventRounds "9"]
[EventCountry "SLO"]
[SourceTitle "CBM 169 Extra"]
[Source "ChessBase"]
[SourceDate "2015.12.18"]
[SourceVersion "1"]
[SourceVersionDate "2015.12.18"]
[SourceQuality "1"]

1. e4 e5 2. Nc3 Nf6 3. Nf3 Nc6 4. Bb5 d6 5. d4 exd4 6. Nxd4 Bd7 7. Nxc6 bxc6 8. Bc4 Be7 9. 0-0 0-0 10. Re1 Rb8 11. Bb3 h6 12. Bf4 Nh7 13. Qd3 Kh8 14. e5 d5 15. Ne2 Bg5 16. c4 Be6 17. cxd5 Bxd5 18. Bc2 g6 19. b3 c5 20. Rad1 Be6 21. Qe3 1/2-1/2

[Event "Ptuj op 10"]
[Site "Ptuj"]
[Date "2015.10.29"]
[Round "7"]
[White "Kralj, Nika"]
[Black "Kontler, Sasa"]
[Result "0-1"]
[WhiteElo "1308"]
[BlackElo "1811"]
[PlyCount "92"]
[EventDate "2015.10.24"]
[EventType "swiss"]
[EventRounds "9"]
[EventCountry "SLO"]
[SourceTitle "CBM 169 Extra"]
[Source "ChessBase"]
[SourceDate "2015.12.18"]
[SourceVersion "1"]
[SourceVersionDate "2015.12.18"]
[SourceQuality "1"]

1. e4 c6 2. d4 d5 3. Nc3 dxe4 4. Nxe4 Bf5 5. Ng3 Bg6 6. h4 h6 7. h5 Bh7 8. Nf3 Nd7 9. Bd3 Bxd3 10. Qxd3 e6 11. Bd2 Ngf6 12. Ne4 Nxe4 13. Qxe4 Nf6 14. Qd3 Bd6 15. 0-0-0 Qc7 16. Bc3 0-0-0 17. Qe2 Nd5 18. Bd2 Rhe8 19. g3 c5 20. Qc4 f6 21. Qa4 a6 22. Ba5 b6 23. Bc3 Kb7 24. dxc5 Bxc5 25. Bd4 e5 26. Bxc5 Qxc5 27. Qb3 Qb4 28. Qxb4 Nxb4 29. c3 Nd3+ 30. Kc2 Nxf2 31. Rxd8 Rxd8 32. Rf1 Ne4 33. g4 Kc6 34. a4 Kc5 35. b3 Rd7 36. Re1 Nf2 37. Nh2 Nh3 38. Nf3 b5 39. axb5 axb5 40. Nd2 Ng5 41. b4+ Kd5 42. Kd3 Rc7 43. Re3 e4+ 44. Ke2 Ke5 45. Nf1 Kf4 46. Rg3 Nf3 0-1

[Event "Ptuj op 10"]
[Site "Ptuj"]
[Date "2015.10.28"]
[Round "6"]
[White "Kontler, Sasa"]
[Black "Hrbek, Stepan"]
[Result "1/2-1/2"]
[WhiteElo "1811"]
[BlackElo "1711"]
[PlyCount "114"]
[EventDate "2015.10.24"]
[EventType "swiss"]
[EventRounds "9"]
[EventCountry "SLO"]
[SourceTitle "CBM 169 Extra"]
[Source "ChessBase"]
[SourceDate "2015.12.18"]
[SourceVersion "1"]
[SourceVersionDate "2015.12.18"]
[SourceQuality "1"]

1. d4 d5 2. c4 c6 3. Nc3 Nf6 4. Bg5 Nbd7 5. cxd5 cxd5 6. Nf3 e6 7. Qb3 Be7 8. e3 0-0 9. Bd3 h6 10. Bh4 b6 11. 0-0 Bb7 12. Rac1 Rc8 13. Qa4 a6 14. Ne2 b5 15. Rxc8 Qxc8 16. Qa5 Bd8 17. Qb4 Ne4 18. Bxd8 Rxd8 19. Rc1 Qb8 20. a4 bxa4 21. Qxa4 Qd6 22. Ra1 Rc8 23. Qa3 Qxa3 24. Rxa3 Nb6 25. Bxa6 Bxa6 26. Rxa6 Rc2 27. Rxb6 Rxe2 28. Rb8+ Kh7 29. b4 Rxf2 30. b5 Rb2 31. h3 Nd6 32. b6 Nc4 33. Ne5 Nxe5 34. dxe5 Kg6 35. Rb7 Re2 36. h4 h5 37. Rd7 Rxe3 38. b7 Rb3 39. Kf2 d4 40. Ke2 f6 41. Rxd4 Rxb7 42. exf6 gxf6 43. g3 Rb3 44. Kf2 e5 45. Ra4 Kf5 46. Rc4 Rd3 47. Ra4 Rd4 48. Ra8 Ke4 49. Ra2 f5 50. Re2+ Kd5 51. Ra2 e4 52. Ra5+ Ke6 53. Rb5 Rd5 54. Rb6+ Ke5 55. Rh6 Kd4 56. Rxh5 Kd3 57. Rh8 Kd2 1/2-1/2

[Event "Ptuj op 10"]
[Site "Ptuj"]
[Date "2015.10.26"]
[Round "4"]
[White "Kontler, Sasa"]
[Black "Florjancic, Rudolf"]
[Result "1/2-1/2"]
[WhiteElo "1811"]
[BlackElo "1839"]
[PlyCount "105"]
[EventDate "2015.10.24"]
[EventType "swiss"]
[EventRounds "9"]
[EventCountry "SLO"]
[SourceTitle "CBM 169 Extra"]
[Source "ChessBase"]
[SourceDate "2015.12.18"]
[SourceVersion "1"]
[SourceVersionDate "2015.12.18"]
[SourceQuality "1"]

1. e4 e5 2. Nc3 Nc6 3. Nf3 Nf6 4. Be2 Be7 5. 0-0 d6 6. d4 exd4 7. Nxd4 Bd7 8. Be3 a6 9. f4 Nxd4 10. Bxd4 Bc6 11. Bf3 0-0 12. Qd3 Nd7 13. Rae1 Re8 14. e5 Bxf3 15. Qxf3 c5 16. Bf2 Rb8 17. Nd5 Bf8 18. Bg3 Nb6 19. Bh4 Qxh4 20. Nxb6 Red8 21. Kh1 Qh6 22. Nd5 dxe5 23. fxe5 Qe6 24. c4 b5 25. b3 Rd7 26. Re4 Kh8 27. Nf4 Qf5 28. g4 Qg5 29. Ne6 Qe7 30. Nxf8 Rxf8 31. e6 Rd4 32. Rxd4 cxd4 33. exf7 h6 34. Kg2 bxc4 35. bxc4 Qe6 36. g5 Qxc4 37. gxh6 Qc2+ 38. Rf2 Qg6+ 39. Qg3 Qxg3+ 40. hxg3 gxh6 41. Kf1 Kg7 42. Ke2 Rxf7 43. Rxf7+ Kxf7 44. Kd3 Kf6 45. Kxd4 Kf5 46. Ke3 Kg4 47. Kf2 a5 48. a4 Kg5 49. Kf3 Kf5 50. g4+ Ke5 51. Ke3 Kd5 52. Kd3 Ke5 53. Ke3 1/2-1/2

[Event "Ptuj op 10"]
[Site "Ptuj"]
[Date "2015.10.25"]
[Round "3"]
[White "Janzekovic, Klemen Tilen"]
[Black "Kontler, Sasa"]
[Result "1-0"]
[WhiteElo "1933"]
[BlackElo "1811"]
[PlyCount "57"]
[EventDate "2015.10.24"]
[EventType "swiss"]
[EventRounds "9"]
[EventCountry "SLO"]
[SourceTitle "CBM 169 Extra"]
[Source "ChessBase"]
[SourceDate "2015.12.18"]
[SourceVersion "1"]
[SourceVersionDate "2015.12.18"]
[SourceQuality "1"]

1. e4 c6 2. d4 d5 3. f3 e6 4. Nc3 b6 5. Bf4 Ba6 6. Nge2 Bd6 7. Qd2 Qh4+ 8. g3 Bxf4 9. Nxf4 Qg5 10. Bg2 Nf6 11. 0-0-0 Nh5 12. Rde1 0-0 13. h4 Qh6 14. Nxh5 Qxh5 15. g4 Qg6 16. h5 Qf6 17. g5 Qd8 18. Bh3 Nd7 19. g6 f5 20. exf5 exf5 21. gxh7+ Kxh7 22. Re6 Rf6 23. Qg5 Qf8 24. Rxf6 Qxf6 25. Qxf5+ Kh8 26. Qxd7 Qxd4 27. h6 g6 28. Qxc6 Qf4+ 29. Kb1 1-0

[Event "SLO-chT2 East"]
[Site "Slovenia"]
[Date "2015.09.19"]
[Round "2"]
[White "Korze, Danilo"]
[Black "Kontler, Sasa"]
[Result "1-0"]
[WhiteElo "2019"]
[BlackElo "1811"]
[PlyCount "101"]
[EventDate "2015.09.05"]
[EventType "team-tourn"]
[EventRounds "9"]
[EventCountry "SLO"]
[SourceTitle "EXT 2019"]
[Source "ChessBase"]
[SourceDate "2018.10.10"]
[SourceVersion "1"]
[SourceVersionDate "2018.10.10"]
[SourceQuality "1"]
[WhiteTeam "Fram"]
[BlackTeam "Malecnik"]
[WhiteTeamCountry "SLO"]
[BlackTeamCountry "SLO"]

1. c4 Nf6 2. Nc3 g6 3. g3 Bg7 4. Bg2 0-0 5. d4 e6 6. e4 d6 7. Nge2 Nbd7 8. 0-0 e5 9. d5 c5 10. a4 a5 11. Bd2 Ne8 12. Qc1 Nb6 13. b3 Nd7 14. Bg5 Ndf6 15. Nb5 Nc7 16. Nec3 Nxb5 17. Nxb5 Qb6 18. Ra2 Bd7 19. h3 Rae8 20. Bd2 Ra8 21. g4 Ne8 22. f4 f5 23. exf5 gxf5 24. g5 e4 25. Qe1 Qd8 26. Kh2 Bxb5 27. axb5 b6 28. h4 Rf7 29. Bh3 Raa7 30. Rg1 Bd4 31. Rg2 Qd7 32. h5 Kh8 33. h6 Kg8 34. Bc3 Kf8 35. Qd2 Bxc3 36. Qxc3 Ke7 37. Rae2 Qc7 38. Qh8 Kd8 39. Bxf5 Rxf5 40. Rxe4 Qf7 41. Rge2 Qh5+ 42. Kg3 Re7 43. Rxe7 Rxg5+ 44. fxg5 Qxg5+ 45. Kf3 Qh5+ 46. Ke3 Kxe7 47. Kd2+ Kd8 48. Qxh7 Qg5+ 49. Kc2 Qf6 50. Qe4 Nc7 51. Qe7+ 1-0

[Event "Ptuj op 7th"]
[Site "Ptuj"]
[Date "2012.12.23"]
[Round "2"]
[White "Kontler, Sasa"]
[Black "Polajzer, Danilo"]
[Result "0-1"]
[WhiteElo "1856"]
[BlackElo "2295"]
[PlyCount "52"]
[EventDate "2012.12.22"]
[EventType "swiss"]
[EventRounds "9"]
[EventCountry "SLO"]
[SourceTitle "CBM 152 Extra"]
[Source "ChessBase"]
[SourceDate "2013.02.25"]
[SourceVersion "1"]
[SourceVersionDate "2013.02.25"]
[SourceQuality "1"]

1. c4 Nf6 2. g3 c5 3. Nc3 Nc6 4. Bg2 e6 5. e4 d5 6. cxd5 exd5 7. exd5 Nb4 8. d3 Be7 9. Nge2 Nfxd5 10. Nxd5 Nxd5 11. 0-0 0-0 12. Nf4 Nf6 13. Qb3 Rb8 14. Bd2 b6 15. a4 Bb7 16. Bc3 Bxg2 17. Kxg2 g5 18. Bxf6 Bxf6 19. Nd5 Bxb2 20. Ne7+ Qxe7 21. Qxb2 Rbd8 22. Qc3 Rd4 23. a5 Qd6 24. Qc2 Rxd3 25. Rfd1 Rd8 26. Rxd3 Qxd3 0-1